Geografía americana y argentina /
Guardado en:
| Autor Principal: | |
|---|---|
| Formato: | Libro |
| Publicado: |
Buenos Aires :
Kapelusz,
1962
|
| Edición: | 12 |
| Materias: | |
| Etiquetas: |
Agregar Etiqueta
Sin Etiquetas, Sea el primero en etiquetar este registro!
|
| LEADER | 00593nam a22002055a 4500 | ||
|---|---|---|---|
| 001 | CEM.cems005291 | ||
| 005 | 20060220000000.0 | ||
| 008 | 130507s1962##################000#0#####d | ||
| 003 | CEMS | ||
| 082 | 0 | 4 | |a 918 |
| 100 | 1 | |a Rampa, Alfredo C. | |
| 245 | 1 | 0 | |a Geografía americana y argentina / |
| 250 | |a 12 | ||
| 260 | |a Buenos Aires : |b Kapelusz, |c 1962 | ||
| 300 | |a 481 | ||
| 653 | |a Geografia | ||
| 653 | |a Geografia argentina | ||
| 653 | |a Geografia de america | ||
| 859 | |a CEMS |b BIB. CEMS - 11 de abril |h 918 |i R147a12 |p 3628.75 |t Ej.1 | ||
| 859 | |a CEMS |b BIB. CEMS - 11 de abril |h 918 |i R147a12 |p 6165.77 |t Ej.2 | ||
